Marcatori della Lazio in UEFA Europa League 2021-2022 - Statistics

Statistiche generali
  • Questo quiz è stato fatto 14 volte
  • Il punteggio medio è 7 su 10
Statistiche sulle risposte
Partita Minuto Marcatore % Corretto
Olympique Marsiglia - Lazio 2-2 49' Ciro Immobile
100%
Lokomotiv Mosca - Lazio 0-3 56' Ciro Immobile
100%
Lokomotiv Mosca - Lazio 0-3 63 Ciro Immobile
100%
Lazio - Porto 2-2 19' Ciro Immobile
100%
Lokomotiv Mosca - Lazio 0-3 87' Pedro
92%
Olympique Marsiglia - Lazio 2-2 52' (primo tempo) Felipe Anderson
75%
Porto - Lazio 2-1 23' Mattia Zaccagni
75%
Lazio - Porto 2-2 95' Danilo Cataldi
50%
Lazio - Lokomotiv Mosca 2-0 36' Patric
33%
Lazio - Lokomotiv Mosca 2-0 13' Toma Bašić
17%
Nessun quiz corrispondente trovato
Distribuzione punteggi
Percentuale di utenti per punteggio
Percentile per numero di risposta
I tuoi punteggi nel tempo
Non hai fatto questo quiz